|
|
|
|
| LEADER |
00000nam0a2200000 4500 |
| 001 |
363630 |
| 005 |
20231102011617.0 |
| 035 |
|
|
|a (RuTPU)RU\TPU\retro\20977
|
| 090 |
|
|
|a 363630
|
| 100 |
|
|
|a 20211006d1981 k y0rusy50 ca
|
| 101 |
0 |
|
|a rus
|
| 102 |
|
|
|a UA
|
| 105 |
|
|
|a a z 001zy
|
| 200 |
1 |
|
|a Электрические поля в потоке аэрозолей
|e монография
|f В. И. Саранчук, В. В. Рекун, Г. А. Поздняков
|g Академия наук Украинской ССР, Институт физико-органической химии и углехимии
|
| 210 |
|
|
|a Киев
|c Наукова думка
|d 1981
|
| 215 |
|
|
|a 112 с.
|c ил.
|
| 320 |
|
|
|a Библиогр.: с. 107-111
|
| 606 |
1 |
|
|a Аэрозоли
|x Электрические явления
|2 stltpush
|3 (RuTPU)RU\TPU\subj\29913
|9 53136
|
| 606 |
1 |
|
|a Аэрозоли
|x Электризация
|2 stltpush
|3 (RuTPU)RU\TPU\subj\29912
|9 53135
|
| 610 |
1 |
|
|a аэрозольные потоки
|
| 610 |
1 |
|
|a электрические поля
|
| 610 |
1 |
|
|a угольные аэрозоли
|
| 610 |
1 |
|
|a жидкие аэрозоли
|
| 610 |
1 |
|
|a пылевоздушные потоки
|
| 610 |
1 |
|
|a электрозаряженные пылевые аэрозоли
|
| 610 |
1 |
|
|a коагуляция
|
| 610 |
1 |
|
|a седиментация
|
| 610 |
1 |
|
|a монографии
|
| 675 |
|
|
|a 544.772
|v 4
|
| 675 |
|
|
|a 628.511
|v 4
|
| 700 |
|
1 |
|a Саранчук
|b В. И.
|g Виктор Иванович
|
| 701 |
|
1 |
|a Рекун
|b В. В.
|g Валерий Викторович
|
| 701 |
|
1 |
|a Поздняков
|b Г. А.
|g Георгий Акимович
|
| 712 |
0 |
2 |
|a Академия наук Украинской ССР
|b Институт физико-органической химии и углехимии
|c (Донецк)
|2 stltpush
|3 (RuTPU)RU\TPU\col\12481
|9 25425
|
| 801 |
|
1 |
|a RU
|b 63413507
|c 20211006
|
| 801 |
|
2 |
|a RU
|b 63413507
|c 20211006
|g RCR
|
| 942 |
|
|
|c BK
|